| 000 | 006450000a22001930004500 | ||
|---|---|---|---|
| 041 | 0 | _aSPA | |
| 082 | 0 | 4 | _aG 268.433 B114a |
| 100 | 1 | _aBabin, Pierre | |
| 245 | 1 | 0 | _aAmistad, educación de los adolescentes en la fe / Pierre Babin ; José Manuel Estepa Llaurens, Versión catellana y adaptación a los países de habla hispana |
| 250 | _a3 | ||
| 260 | _aViriato, Madrid, España : Marova | ||
| 300 | _a197 Pag. | ||
| 650 | 1 | 4 | _aEDUCACION RELIGIOSA DE JOVENES \ AMISTAD - ESTUDIO Y ENSEÑANZA |
| 001 | 1350 | ||
| 942 | _cBK | ||
| 999 |
_c32673 _d32673 |
||
| 336 |
_atexto _btxt _2rdacontent |
||
| 337 |
_2rdamedia _asin mediación _bn |
||
| 338 |
_2rdacarrier _avolumen _bnc |
||